000 00454nam a2200193Ia 4500
005 20240823031226.0
008 240823s9999||||xx |||||||||||||| ||und||
020 _a81-7233-420-6
041 _aENGLISH
082 _A576 P6
100 _aJammaluddin et al.
245 0 _aGeneral Microbiology
250 _a1st
260 _c2006
_bScientific Publi
500 _aYES
650 _aMicrobiology
_bBio Medical Engg.
942 _cBK
999 _c190563
_d190563